000 00802cam a22002294a 4500
020 _a0072408871 (alk. paper)
040 _cDLC
082 0 0 _a372 HIL 2001 A018 Or.
100 1 _aIrvine, Jacqueline Jordan.
245 1 0 _aCulturally responsive teaching :
_blesson planning for elementary and middle grades /
250 _a1st ed.
260 _aBoston :
_bMcGraw-Hill,
_cc2001.
300 _axii, 224 p. :
_bill. ;
_c28 cm.
650 0 _aMulticultural education
650 0 _aEducation, Elementary
650 0 _aLesson planning
700 1 _aArmento, Beverly Jeanne.
856 4 1 _uhttp://www.loc.gov/catdir/toc/mh031/00055422.html
856 4 2 _uhttp://www.loc.gov/catdir/description/mh021/00055422.html
856 4 2 _uhttp://www.loc.gov/catdir/enhancements/fy0737/00055422-b.html
942 _cEK
999 _c12074
_d12074